000 00719cab a22002055a 4500
001 L156838
008 120718e20120714xxk 000 0 eng d
035 _a(Sirsi) u156838
041 0 _aeng
100 1 _aJones, Sandra
245 0 0 _aMarket sentiment
_bFeeling the strain
260 _c2012
490 _aEstates Gazette
_v(1228) 14 July 2012, 68-71(4)
520 _aLatest Estates Gazette Property Sentiment Survey reports that overall confidence in the commercial property market sector dipped between May and June 2012 but was more buoyant than in the same period in 2011.
590 _aKA
651 4 _aUnited Kingdom
690 _aCommercial property
_96227
690 _aResidential proeprty
942 _n0
999 _c84169
_d84169